000 00838nam a22001937a 4500
999 _c61105
_d61105
005 20231219165344.0
008 231219s1989 ru ||||| |||| 00| 0 rus d
020 _a5060002519
080 _a821.14'01-21 A-72
245 _aАнтичная литература. Греция :
_bAнтология Часть II /
_cСоставители: Н.А. Федоров, В.И. Мирошенкова.
264 _aМ.:
_bВысшая школа,
_c1989 .
300 _a384 c.;
_b21 cm.
653 _aანთოლოგია
653 _aუძველესი ლიტერატურა
653 _aსაბერძნეთი
700 _aФедоров, Н.А.
_eშემდგენელი
_920793
700 _aМирошенкова, В.И.
_eშემდგენელი
_920794
942 _2udc
_cᲬᲘᲒᲜᲘ